[Event "IND-ch (Women) 48th"]
[Site "Hatkanangale"]
[Date "2022.12.31"]
[Round "6"]
[White "Mitali, Madhukar Patil"]
[Black "Patil, Disha"]
[Result "1-0"]
[WhiteElo "1877"]
[BlackElo "1447"]
[PlyCount "139"]
[EventDate "2022.12.26"]
[EventType "swiss"]
[EventRounds "11"]
[EventCountry "IND"]
[SourceTitle "CBM 212 Extra"]
[Source "ChessBase"]
[SourceDate "2023.03.31"]
[SourceVersion "1"]
[SourceVersionDate "2023.03.31"]
[SourceQuality "1"]

1. d4 d5 2. Nf3 Nf6 3. e3 e6 4. Bd3 c5 5. a3 a6 6. b3 Nc6 7. Bb2 cxd4 8. exd4 Be7 9. Nbd2 0-0 10. 0-0 b5 11. Ne5 Nxe5 12. dxe5 Nd7 13. Qh5 g6 14. Qg4 Re8 15. Rae1 Bf8 16. h4 Bg7 17. h5 Nf8 18. hxg6 fxg6 19. Nf3 Ra7 20. Bd4 Rb7 21. Bc5 Bh6 22. Be3 Bxe3 23. Rxe3 Rg7 24. a4 Bd7 25. axb5 axb5 26. Ra1 Qc7 27. Qb4 Rb8 28. Nd4 Rf7 29. g3 Be8 30. Ra6 Qc8 31. Ra5 Ra8 32. Rxa8 Qxa8 33. Nxb5 Bxb5 34. Qxb5 Qa1+ 35. Kg2 Qd1 36. Qb4 Nd7 37. Qe1 Qh5 38. b4 Qg4 39. c3 d4 40. cxd4 Qxd4 41. Bc2 Nb6 42. Qc3 Qd8 43. Qc6 Qd5+ 44. Qxd5 Nxd5 45. Rb3 Rb7 46. Be4 Kf7 47. f4 Rb5 48. Bxd5 exd5 49. Kf3 Ke6 50. Ke3 g5 51. Kd4 gxf4 52. gxf4 h5 53. Rb2 h4 54. Kc3 Kf5 55. Rh2 Kxf4 56. e6 Kg3 57. e7 Rb8 58. Re2 Re8 59. Kd4 h3 60. Kxd5 h2 61. Rxh2 Rxe7 62. Kd6 Rb7 63. Rb2 Kf4 64. b5 Ke4 65. b6 Kd4 66. Kc6 Rb8 67. b7 Kc3 68. Rb6 Kc4 69. Kc7 Rxb7+ 70. Rxb7 1-0

[Event "Budapest Vezerkepzo IM 03"]
[Site "Budapest"]
[Date "2022.03.25"]
[Round "8"]
[White "Sahithi Varshini, M."]
[Black "Mitali, Madhukar Patil"]
[Result "1-0"]
[WhiteElo "2188"]
[BlackElo "1952"]
[PlyCount "71"]
[EventDate "2022.03.17"]
[EventType "tourn"]
[EventRounds "9"]
[EventCountry "HUN"]
[SourceTitle "CBM 207 Extra"]
[Source "ChessBase"]
[SourceDate "2022.05.31"]
[SourceVersion "1"]
[SourceVersionDate "2022.05.31"]
[SourceQuality "1"]

1. c4 e5 2. Nc3 Nf6 3. Nf3 Nc6 4. e3 d5 5. cxd5 Nxd5 6. Bb5 Nxc3 7. bxc3 Bd6 8. d4 exd4 9. cxd4 Bd7 10. 0-0 0-0 11. h3 Re8 12. a3 Qf6 13. Bb2 Rad8 14. Bd3 Bf5 15. Re1 Be4 16. Bxe4 Rxe4 17. Qc2 Qg6 18. Rac1 h6 19. Nd2 Re7 20. Qb3 Na5 21. Qa4 b6 22. Bc3 Qd3 23. Bxa5 bxa5 24. Nc4 Rb8 25. Qxa5 Rb7 26. Qa6 Rb3 27. Qxa7 Bxa3 28. Nxa3 Rxa3 29. Qb7 Kh7 30. Rxc7 Rb3 31. Qc8 Re6 32. Rxf7 Rg6 33. Rf8 Rg5 34. Rh8+ Kg6 35. Qe8+ Kf6 36. Rf8# 1-0

[Event "Budapest FS03 Nadassy"]
[Site "Budapest"]
[Date "2022.03.06"]
[Round "2"]
[White "Mitali, Madhukar Patil"]
[Black "Poor, Sandor"]
[Result "0-1"]
[WhiteElo "1952"]
[BlackElo "1966"]
[PlyCount "79"]
[EventDate "2022.03.05"]
[EventType "tourn"]
[EventRounds "10"]
[EventCountry "HUN"]
[SourceTitle "EXT 2023"]
[Source "ChessBase"]
[SourceDate "2022.10.05"]
[SourceVersion "1"]
[SourceVersionDate "2022.10.05"]
[SourceQuality "1"]
[WhiteTeam "Team Lower Elo"]
[BlackTeam "Team Higher Elo"]
[WhiteTeamCountry "HUN"]
[BlackTeamCountry "HUN"]

1. e4 c5 2. c3 d5 3. exd5 Qxd5 4. d4 e6 5. Nf3 Nc6 6. Na3 a6 7. Nc4 Qd8 8. Be3 cxd4 9. Nxd4 Bd7 10. Nf3 Qc7 11. Bb6 Qf4 12. g3 Qe4+ 13. Be2 Nf6 14. 0-0 Nd5 15. Re1 Be7 16. Nh4 h5 17. h3 Qh7 18. Bf3 Nxb6 19. Nxb6 Rd8 20. Qa4 0-0 21. Nxd7 Rxd7 22. Be4 Qh6 23. Bxc6 bxc6 24. Nf3 Qf6 25. Qxc6 Rd3 26. Kg2 Rfd8 27. Re2 R8d5 28. Ne1 Rd2 29. Qxa6 g5 30. Qa8+ Kg7 31. Rxd2 Rxd2 32. Qf3 Rxb2 33. a4 Rb3 34. a5 Rxc3 35. Qxf6+ Bxf6 36. a6 Rc8 37. Ra4 Bc3 38. Nd3 e5 39. Nc5 Bd4 40. Ne4 0-1

[Event "Titled Tuesday intern op 14th Sept"]
[Site "Chess.com INT"]
[Date "2021.09.14"]
[Round "7"]
[White "Mitali, Madhukar Patil"]
[Black "Hartikainen, Jarmo"]
[Result "0-1"]
[WhiteElo "1952"]
[BlackElo "2133"]
[PlyCount "90"]
[EventDate "2021.09.14"]
[EventType "swiss (blitz)"]
[EventRounds "11"]
[EventCountry "USA"]
[SourceTitle "EXT 2022"]
[Source "ChessBase"]
[SourceDate "2021.10.06"]
[SourceVersion "1"]
[SourceVersionDate "2021.10.06"]
[SourceQuality "1"]

1. e4 c5 2. c3 d5 3. exd5 Qxd5 4. Nf3 Nc6 5. d4 cxd4 6. cxd4 Bg4 7. Be2 e6 8. Nc3 Qa5 9. 0-0 Nf6 10. Be3 Be7 11. h3 Bh5 12. Rc1 0-0 13. a3 a6 14. b4 Qxa3 15. b5 axb5 16. Nxb5 Qa5 17. Qb3 Rfd8 18. g4 Bg6 19. Ne5 Nxe5 20. dxe5 Nd5 21. Bc5 Bxc5 22. Rxc5 Qb4 23. Qxb4 Nxb4 24. Bf3 b6 25. Rc4 Ra4 26. Nc3 Bd3 27. Rd1 b5 28. Rf4 Raa8 29. Rxb4 Bc4 30. Rxd8+ Rxd8 31. Kg2 f6 32. exf6 gxf6 33. Ne4 Kg7 34. Nc5 Rd2 35. Bc6 Rc2 36. Bxb5 Bd5+ 37. Kg3 Rxc5 38. Bd3 e5 39. Ra4 e4 40. Ra7+ Kg6 41. Be2 Rc3+ 42. Kh2 h6 43. Bb5 Rc2 44. Be8+ Kg5 45. Kg3 Rc3+ 0-1

[Event "Paracin IM 2nd"]
[Site "Paracin"]
[Date "2019.07.17"]
[Round "7"]
[White "Mitali, Madhukar Patil"]
[Black "Raghavi, Nagarajan"]
[Result "0-1"]
[WhiteElo "2009"]
[BlackElo "2290"]
[PlyCount "88"]
[EventDate "2019.07.13"]
[EventType "tourn"]
[EventRounds "9"]
[EventCountry "SRB"]
[EventCategory "2"]
[SourceTitle "CBM 191 Extra"]
[Source "ChessBase"]
[SourceDate "2019.09.30"]
[SourceVersion "1"]
[SourceVersionDate "2019.09.30"]
[SourceQuality "1"]

1. e4 c5 2. c3 d5 3. exd5 Qxd5 4. d4 g6 5. Na3 cxd4 6. Nb5 Na6 7. Be3 Bg7 8. Nf3 Nf6 9. Qxd4 b6 10. Bc4 Qxd4 11. Bxd4 Bb7 12. Ne5 0-0 13. 0-0 Nd5 14. a4 f6 15. Ng4 Kh8 16. a5 Rfc8 17. b3 Nc5 18. axb6 axb6 19. Ne3 Nf4 20. f3 Bf8 21. g3 Nfe6 22. Rxa8 Rxa8 23. Bxc5 Nxc5 24. b4 Bh6 25. Nd5 Nd7 26. Nxe7 Re8 27. Bd5 Be3+ 28. Kg2 Ba6 29. Re1 Rxe7 30. Nc7 Bd3 31. Bc6 Nb8 32. Nd5 Re5 33. f4 Bd2 34. fxe5 Bxe1 35. Bb7 fxe5 36. Nxb6 Bxc3 37. Nd5 Be4+ 38. Kf2 Bxb4 39. Nxb4 Bxb7 40. Ke3 Kg7 41. Nd3 Nd7 42. Nb4 Nf6 43. h3 Nd5+ 44. Nxd5 Bxd5 0-1

[Event "Paracin IM 2nd"]
[Site "Paracin"]
[Date "2019.07.15"]
[Round "4"]
[White "Liu, Zhaoqi"]
[Black "Mitali, Madhukar Patil"]
[Result "1-0"]
[WhiteElo "2386"]
[BlackElo "2009"]
[PlyCount "83"]
[EventDate "2019.07.13"]
[EventType "tourn"]
[EventRounds "9"]
[EventCountry "SRB"]
[EventCategory "2"]
[SourceTitle "CBM 191 Extra"]
[Source "ChessBase"]
[SourceDate "2019.09.30"]
[SourceVersion "1"]
[SourceVersionDate "2019.09.30"]
[SourceQuality "1"]

1. c4 e6 2. Nc3 d5 3. d4 Nf6 4. Bg5 Be7 5. cxd5 exd5 6. e3 c6 7. Bd3 Nbd7 8. Qc2 h6 9. Bh4 Nh5 10. Bxe7 Qxe7 11. 0-0-0 Nb6 12. h3 Bd7 13. Nf3 0-0-0 14. Kb1 Kb8 15. Rc1 Rhe8 16. Ka1 Nf6 17. Ne5 Bc8 18. Na4 Nfd7 19. Nf3 Nxa4 20. Qxa4 c5 21. dxc5 Nxc5 22. Qf4+ Ka8 23. Qd4 Ne6 24. Qc3 Qd6 25. Nd4 Nxd4 26. Qxd4 Qe5 27. Qb4 Bd7 28. Rc3 Bc6 29. Rhc1 d4 30. exd4 Qxd4 31. Qxd4 Rxd4 32. Bb5 Rd2 33. Rxc6 Kb8 34. R6c3 Red8 35. Rf3 Rc2 36. Kb1 Rcd2 37. Rxf7 a6 38. Ba4 Re2 39. Bd1 Red2 40. Bf3 Rxf2 41. Rxb7+ Ka8 42. Rd7+ 1-0

[Event "Paracin Summer op-A 12th"]
[Site "Paracin"]
[Date "2019.07.12"]
[Round "9"]
[White "Mitali, Madhukar Patil"]
[Black "Terziev, Dimo"]
[Result "1/2-1/2"]
[WhiteElo "2009"]
[BlackElo "2166"]
[PlyCount "110"]
[EventDate "2019.07.05"]
[EventType "swiss"]
[EventRounds "9"]
[EventCountry "SRB"]
[SourceTitle "EXT 2022"]
[Source "ChessBase"]
[SourceDate "2021.10.06"]
[SourceVersion "1"]
[SourceVersionDate "2021.10.06"]
[SourceQuality "1"]

1. e4 e6 2. d4 d5 3. Nd2 c5 4. exd5 exd5 5. Ngf3 Nc6 6. Bb5 cxd4 7. 0-0 Nf6 8. Nb3 Be7 9. Nbxd4 Bd7 10. c3 0-0 11. h3 Bd6 12. Qd3 Ne4 13. Qd1 Qf6 14. Qb3 Nxd4 15. Nxd4 Rad8 16. Qxd5 Bc6 17. Qh5 g6 18. Qe2 Rfe8 19. Bxc6 bxc6 20. Qf3 Qe5 21. g3 Qd5 22. Bf4 Bxf4 23. Qxf4 Ng5 24. Qh4 c5 25. f4 Ne4 26. Nf3 Qd3 27. Rae1 Nd2 28. Ne5 Qd6 29. Rd1 f6 30. Rxd2 Qxd2 31. Qxf6 Qd5 32. Ng4 h5 33. Qxg6+ Kf8 34. Qh6+ Kf7 35. Ne5+ Kg8 36. Qg6+ Kf8 37. Qf6+ Kg8 38. Qg5+ Kf8 39. Ng6+ Kg7 40. f5 Qd2 41. Nf4+ Kh7 42. Qxh5+ Kg8 43. Qg5+ Kh7 44. f6 Qe3+ 45. Kh1 Qe4+ 46. Ng2 Qg6 47. Qh4+ Qh6 48. f7 Qxh4 49. Nxh4 Rf8 50. Nf3 Kg6 51. h4 Kxf7 52. g4 Kg7 53. Kg2 Rde8 54. Rf2 Re4 55. g5 Rg4+ 1/2-1/2

[Event "Paracin Summer op-A 12th"]
[Site "Paracin"]
[Date "2019.07.05"]
[Round "1"]
[White "Mitali, Madhukar Patil"]
[Black "Wong, Jianwen"]
[Result "0-1"]
[WhiteElo "2009"]
[BlackElo "2301"]
[PlyCount "96"]
[EventDate "2019.07.05"]
[EventType "swiss"]
[EventRounds "9"]
[EventCountry "SRB"]
[SourceTitle "EXT 2020"]
[Source "ChessBase"]
[SourceDate "2019.10.17"]
[SourceVersion "1"]
[SourceVersionDate "2019.10.17"]
[SourceQuality "1"]

1. e4 d5 2. exd5 Qxd5 3. Nc3 Qd8 4. d4 Nf6 5. Nf3 g6 6. Bc4 Bg7 7. 0-0 0-0 8. h3 a6 9. a4 Nc6 10. Be3 b6 11. Qe2 Bb7 12. Rad1 Qd6 13. Rfe1 Qb4 14. Bf4 Na5 15. Bb3 Nxb3 16. cxb3 Qxb3 17. Bxc7 Rac8 18. Bf4 e6 19. Rd2 Rfd8 20. Be5 Qc4 21. Qe3 Nd5 22. Nxd5 Qxd5 23. Qf4 f6 24. Bc7 g5 25. Qg3 Rd7 26. Bxb6 Qb3 27. a5 h5 28. Re3 Qa2 29. Rc3 Rxc3 30. bxc3 Qa1+ 31. Kh2 Qxc3 32. Re2 Qc4 33. Re1 Qb3 34. Re3 Qa2 35. Ne1 Qd5 36. Rc3 Kf7 37. Nd3 Bf8 38. Kg1 Bd6 39. Qf3 Qxf3 40. gxf3 Bxf3 41. Ne5+ Bxe5 42. dxe5 Rd1+ 43. Kh2 Rh1+ 44. Kg3 h4+ 45. Kxf3 Rxh3+ 46. Kg4 Rxc3 47. exf6 h3 48. Kxg5 h2 0-1

[Event "Nis op"]
[Site "Nis"]
[Date "2019.06.27"]
[Round "3"]
[White "Mitali, Madhukar Patil"]
[Black "Tanishka, Kotia"]
[Result "1/2-1/2"]
[WhiteElo "2045"]
[BlackElo "1821"]
[PlyCount "52"]
[EventDate "2019.06.25"]
[EventType "swiss"]
[EventRounds "9"]
[EventCountry "SRB"]
[SourceTitle "EXT 2020"]
[Source "ChessBase"]
[SourceDate "2019.10.17"]
[SourceVersion "1"]
[SourceVersionDate "2019.10.17"]
[SourceQuality "1"]

1. e4 d6 2. d4 Nf6 3. Nc3 g6 4. Nf3 Bg7 5. Bc4 0-0 6. 0-0 Nxe4 7. Nxe4 d5 8. Bd3 dxe4 9. Bxe4 c6 10. c3 Bg4 11. h3 Bxf3 12. Qxf3 e6 13. Bf4 Nd7 14. Rfd1 Qb6 15. Rd2 Rad8 16. Rad1 Nf6 17. Bd3 Nd5 18. Be5 Bh6 19. Rc2 Bg7 20. Bxg7 Kxg7 21. Rcd2 Rd7 22. Bb1 Rfd8 23. c4 Nf6 24. Qe3 Qa5 25. b3 Qb6 26. Kh1 Qb4 1/2-1/2

[Event "Marianske Lazne IM-B1 18th"]
[Site "Marianske Lazne"]
[Date "2019.01.26"]
[Round "9"]
[White "Nagy, Gabor"]
[Black "Mitali, Madhukar Patil"]
[Result "1-0"]
[WhiteElo "2479"]
[BlackElo "2062"]
[PlyCount "89"]
[EventDate "2019.01.19"]
[EventType "tourn"]
[EventRounds "9"]
[EventCountry "CZE"]
[EventCategory "1"]
[SourceTitle "CBM 188 Extra"]
[Source "ChessBase"]
[SourceDate "2019.02.28"]
[SourceVersion "1"]
[SourceVersionDate "2019.02.28"]
[SourceQuality "1"]

1. c4 e5 2. Nc3 Nf6 3. Nf3 Nc6 4. e4 g6 5. d4 exd4 6. Nxd4 d6 7. Bg5 Bg7 8. Nd5 a6 9. Nc2 h6 10. Bxf6 Bxf6 11. Nxf6+ Qxf6 12. Rb1 Be6 13. Be2 Qe5 14. Bd3 Qa5+ 15. b4 Qxa2 16. 0-0 Ne5 17. Ne3 0-0 18. f4 Nxd3 19. Qxd3 b5 20. Qc3 f5 21. exf5 Bxf5 22. Rb2 Qa4 23. Re2 bxc4 24. Nxf5 Rxf5 25. Re7 Rf7 26. Rxf7 Kxf7 27. Qxc4+ Kg7 28. Qxc7+ Kh8 29. Qxd6 Qe8 30. f5 Qe3+ 31. Kh1 gxf5 32. Qf6+ Kg8 33. Qxf5 Re8 34. Qg6+ Kh8 35. Qxa6 Re6 36. Qc8+ Re8 37. Qf5 Kg7 38. Qf6+ Kh7 39. b5 Re7 40. h3 Rb7 41. Qf5+ Kg7 42. Rf3 Qe1+ 43. Kh2 Qe7 44. Rg3+ Kh8 45. Qc8+ 1-0